000 00322 a2200121 4500
003 Nust
005 20170207154601.0
040 _cNust
082 _a025.34
245 _aStarting business english : Units : 12-15, side 1: units: 16-20, side 2
505 _aAlmirah No.73 shelf No.6
650 _aEnglish learning
651 _aStarting business english
999 _c198605
_d198605